| 000 | 00991cam a2200301 a 4500 | ||
|---|---|---|---|
| 001 | 14936134 | ||
| 005 | 20240902155718.0 | ||
| 008 | 070720s2002 cc a 000 0 eng d | ||
| 010 | _a 2007320482 | ||
| 020 | _a7508500458 | ||
| 020 | _a9787508500454 | ||
| 035 | _a(OCoLC)ocm52151621 | ||
| 040 |
_aCPV _cCPV _dOCLCQ _dMUQ _dDLC |
||
| 042 | _alccopycat | ||
| 043 | _aa-cc--- | ||
| 050 | 0 | 0 |
_aDS779.23 _b.B73 2002 |
| 082 |
_a779.23 _bBRA |
||
| 100 | 1 |
_aBrahm, Laurence J. _914258 |
|
| 245 | 1 | 0 |
_aElements of China : _bwater, wood, fire, earth, gold / _cconcept and narrative by Laurence J. Brahm. |
| 250 | _a1st ed. | ||
| 260 |
_a[Beijing] : _bChina Intercontinental Press, _c2002. |
||
| 300 |
_a203 p. : _bcol. ill. ; _c29 cm. |
||
| 563 | _aHardcover. | ||
| 651 | 0 |
_aChina _xSocial life and customs _y1976-2002 _vPictorial works. _9125602 |
|
| 906 |
_a7 _bcbc _ccopycat _d2 _encip _f20 _gy-gencatlg |
||
| 942 |
_2ddc _cBK |
||
| 999 |
_c611334 _d611334 |
||